书目信息 |
| 题名: |
科学家如何拯救世界
|
|
| 作者: | 皮诺 著 ;比约多 , 马青 绘 | |
| 分册: | ||
| 出版信息: | 福州 海峡书局 2022.04 |
|
| 页数: | 69页 | |
| 开本: | 28cm | |
| 丛书名: | ||
| 单 册: | ||
| 中图分类: | K835.656.15=43 , K835.656.15 | |
| 科图分类: | ||
| 主题词: | 化学家--hua xue jia--传记--法国--近代 | |
| 电子资源: | ||
| ISBN: | 978-7-5567-0907-6 | |
| 000 | 01484nam0 2200313 450 | |
| 001 | 28719 | |
| 005 | 20221011082434.81 | |
| 010 | @a978-7-5567-0907-6@b精装@dCNY68.00 | |
| 100 | @a20220525d2022 em y0chiy50 ea | |
| 101 | 1 | @achi@cfre |
| 102 | @aCN@b350000 | |
| 105 | @aa z 000yb | |
| 200 | 1 | @a科学家如何拯救世界@Ake xue jia ru he zheng jiu shi jie@e巴斯德与微生物@f(法) 弗洛伦斯·皮诺著@g(法) 朱利安·比约多绘@g马青译 |
| 210 | @a福州@c海峡书局@d2022.04 | |
| 215 | @a69页@c彩图@d28cm | |
| 300 | @a浪花朵朵 | |
| 312 | @a原文题名取自版权页 | |
| 330 | @a本书不只是一本人物传记, 还让读者有机会深入理解世界上最伟大的科学家之一 —— 巴斯德探索科学的方法。这本书清晰且详细地展现了这位生物学家的科学工作, 我们会看到一位拥有绘画天赋的年轻人是怎么变成伟大科学家的, 他怎么通过实验和假设挽救了法国酿酒业、养蚕业、畜牧业以及无数人的生命, 在这个过程中又怎么确立了“实验-理论-实验”的科学研究方法。巴斯德不仅科学成就瞩目, 而且品德高尚, 是一位入世的科学家。 | |
| 500 | 10 | @aLouis Pasteur, enquetes pour la science@mChinese |
| 517 | 1 | @a巴斯德与微生物@Aba si de yu wei sheng wu |
| 600 | 1 | @a巴斯德@Aba si de@g(Pasteur, Louis),@f1822-1895@x传记 |
| 606 | 0 | @a化学家@Ahua xue jia@x传记@y法国@z近代 |
| 690 | @aK835.656.15=43@v5 | |
| 690 | @aK835.656.15@v4 | |
| 701 | 1 | @a皮诺@Api nuo@g(Pinaud, Florence)@4著 |
| 702 | 1 | @a比约多@Abi yue duo@g(Billaudeau, Julien)@4绘 |
| 702 | 0 | @a马青@Ama qing@4译 |
| 801 | 0 | @aCN@c20220910 |
| 905 | @a河南城建学院图书馆@dK835.656.15@eB060@f2 | |
| 科学家如何拯救世界:巴斯德与微生物/(法) 弗洛伦斯·皮诺著/(法) 朱利安·比约多绘/马青译.-福州:海峡书局,2022.04 |
| 69页:彩图;28cm |
| 浪花朵朵 |
| ISBN 978-7-5567-0907-6(精装):CNY68.00 |
| 本书不只是一本人物传记, 还让读者有机会深入理解世界上最伟大的科学家之一 —— 巴斯德探索科学的方法。这本书清晰且详细地展现了这位生物学家的科学工作, 我们会看到一位拥有绘画天赋的年轻人是怎么变成伟大科学家的, 他怎么通过实验和假设挽救了法国酿酒业、养蚕业、畜牧业以及无数人的生命, 在这个过程中又怎么确立了“实验-理论-实验”的科学研究方法。巴斯德不仅科学成就瞩目, 而且品德高尚, 是一位入世的科学家。 |
| ● |
| 相关链接 |
|
|
|
正题名:科学家如何拯救世界
索取号:K835.656.15/B060
 
预约/预借
| 序号 | 登录号 | 条形码 | 馆藏地/架位号 | 状态 | 备注 |
| 1 | 1581812 | 215818122 | 社科库309/309社科库 1排4列6层/ [索取号:K835.656.15/B060] | 在馆 | |
| 2 | 1581813 | 215818131 | 社科库309/309社科库 1排4列6层/ [索取号:K835.656.15/B060] | 在馆 |